01396nab a22002417a 4500999001500000003000400015005001700019008004100036040000700077100003600084245016600120260007200286300001400358500003800372505037400410505008900784650002600873650002900899650004700928650002800975773013801003942001301141 c5947d5947OSt20260114022547.0190605e xxu||||| |||| 00| 0 spa d cPJ 96792aAgostini, José Ignacio 10aLas observaciones de los Relatores Especiales del Comité de Derechos Humanos de Naciones Unidas sobre protocolo anti-piquete (2023) /cJosé Ignacio Agostini. aCiudad Autónoma de Buenos Aires :bThomson Reuters La Ley,c2024. ap. 91-107 aCita: TR LALEY AR/DOC/886/2024.  aSumario: I. Introducción.— II. Antecedentes históricos.— III. La denuncia.— IV. Las resoluciones del Ministerio Seguridad de la Nación.— V. El proyecto de ley de "Bases y Puntos de Partida para la Libertad de los Argentinos" y el derecho de reunión pacífica.— VI. Otra alarma en el tablero de control de calidad democrática.— VII. Conclusión.  t¿Te interesa el texto completo? Solicitalo al correo: koha@justierradelfuego.gov.ar 091316aDERECHO LABORAL 096569aDERECHO DE REUNION 09615aDERECHOS Y GARANTIAS CONSTITUCIONALES 091461aLIBERTAD SINDICAL0 0271193168dCiudad Autónoma de Buenos Aires : Thomson Reuters La Ley, 1999-2002.tRevista de derecho del trabajo. Nº 3 - Mayo 2024 2udccANA